| 000 | 00586nam a2200169 a 4500 | ||
|---|---|---|---|
| 008 | 120416s1960 ||||||||||||||||| || u | ||
| 050 | _aB 791 Bro | ||
| 100 | _aBronowski, Jacob | ||
| 245 | 1 | 4 | _aThe Western intellectual tradition |
| 246 | _afrom Leonardo to Hegel | ||
| 260 |
_aLondon _bHutchinson _c1960 |
||
| 300 | _axviii, 522p. | ||
| 350 | _a0.00 | ||
| 650 | _aPHILOSOPHY | ||
| 650 | _aINTELLECTUAL TRADITION--PHILOSOPHY | ||
| 995 |
_D0.00 _FCBU-MAIN LIBRARY (Kitwe) _H1 _I0.00 _M1 _UAVAILABLE _ZMain Library Open Access Collection |
||
| 999 |
_c61610 _d61610 |
||